Great gatsby etc (Record no. 27388)

MARC details
000 -LEADER
fixed length control field 00265nam a2200109Ia 4500
082 ## - DEWEY DECIMAL CLASSIFICATION NUMBER
Classification number 82-3FIT
Item number FIT
100 ## - MAIN ENTRY--AUTHOR NAME
Personal name Fitzgerald, F Scott
245 #0 - TITLE STATEMENT
Title Great gatsby etc
260 ## - PUBLICATION, DISTRIBUTION, ETC. (IMPRINT)
Place of publication London
Name of publisher Heinemann
Year of publication 1969
942 ## - ADDED ENTRY ELEMENTS (KOHA)
Koha item type Books
Holdings
Withdrawn status Lost status Damaged status Not for loan Home library Current library Date acquired Full call number Accession Number Koha item type
        RRII Library RRII Library 16/12/2021 82-3FIT FIT 08012 Books